000 00196 a2200097 4500
001 2180
100 _aCaidin,M
245 _aMan-in-space dictionary
260 _a
_bdullon
_c
090 _c1601
_d1601
942 _aNUST-CAE
_cM
_c6681
999 _c237253
_d237253